000 00439nam a2200145 a 4500
001 000040186
005 20201002033953.0
008 130814s1972 ve 000 0 spa d
040 _aDO-SdBNP
_bspa
_cBNPHU
082 _axxx
100 1 _aPollak-Eltz, Angelina
_933945
245 1 0 _aCultos afroamericanos /
_cAngelina Pollak-Eltz.
260 _aCaracas, Venezuela :
_bUniversidad Católica Andrés Bello,
_c1972.
300 _a258 p. ;
_c24 cm.
999 _c39676
_d39676